Drágasági pótlékot kapnak a tisztviselők Szeged város közgyűlése
Elmentve itt :
| Dokumentumtípus: | Cikk |
|---|---|
| Megjelent: |
1912-11-07
|
| Sorozat: | Délmagyarország
3 No. 73 |
| Kulcsszavak: | Közgyűlés Szeged 1912 |
| Online Access: | http://dmarchiv.bibl.u-szeged.hu/59057 |
| LEADER | 00455nab a2200145 i 4500 | ||
|---|---|---|---|
| 001 | delm59057 | ||
| 005 | 20180928090409.0 | ||
| 008 | 180927s1912 hu o 0|| hun d | ||
| 040 | |a SZTE Délmagyarország Archívum |b hun | ||
| 041 | |a hun | ||
| 245 | 0 | 0 | |a Drágasági pótlékot kapnak a tisztviselők |h [elektronikus dokumentum] : |b Szeged város közgyűlése |
| 260 | |c 1912-11-07 | ||
| 300 | |a 5 | ||
| 490 | 0 | |a Délmagyarország |v 3 No. 73 | |
| 695 | |a Közgyűlés Szeged 1912 | ||